| 000 | 00557nam a2200181 i 4500 | ||
|---|---|---|---|
| 001 | 26853 | ||
| 003 | ES-MaACL | ||
| 005 | 20250830221254.0 | ||
| 007 | t| | ||
| 008 | 030110s1953 sp ||||1| spa d | ||
| 100 | 1 |
_aArriaga, José. _923274 |
|
| 245 | 1 | 0 |
_aAsí vi yo los EE. UU. : _b(impresiones de un viaje por Norteamérica) / _cJosé Arriaga. |
| 260 |
_aSevilla : _bEd. Católica Española, _c[1953] |
||
| 300 |
_a281 p., 6 lám. ; _c17 cm. |
||
| 651 | 4 |
_aEstados Unidos- _xDescripción _98538 |
|
| 852 |
_aES-MaACL _jC-7415 |
||
| 999 |
_c26853 _d26853 |
||